Ortíz, Fernando, (1881-1969) /
Guardado en:
| Autores principales: | , , , , |
|---|---|
| Formato: | Desconocido |
| Lenguaje: | Spanish |
| Materias: | |
| Etiquetas: |
Agregar Etiqueta
Sin Etiquetas, Sea el primero en etiquetar este registro!
|
MARC
| LEADER | 000000000a22000000004500 | ||
|---|---|---|---|
| 001 | 002348 | ||
| 041 | 0 | |a spa | |
| 100 | 1 | |a Mannello Vidaurreta, Juan, |d 1898 - 1977 | |
| 100 | 1 | |a Guillén, Nicolás, |d 1902-1989 | |
| 100 | 1 | |a Franco, José Luciano, |d 1891-1933 | |
| 100 | 1 | |a Portuondo, José Antonio, |d 1911- | |
| 100 | 1 | |a Barnet, José | |
| 245 | 1 | 0 | |a Ortíz, Fernando, (1881-1969) / |c Juan Mannello Vidaurreta, Nicolás Guillén, José Luciano Franco, José Antonio Portuondo, José Barnet. |
| 310 | |a bimestral | ||
| 650 | 4 | |a ORTIZ, FERNANDO | |
| 650 | 4 | |a CULTURA AFROCUBANA | |
| 650 | 4 | |a CULTURA AFRICANA | |
| 650 | 4 | |a ESCLAVITUD | |
| 650 | 4 | |a ETNOLOGIA CUBANA | |
| 650 | 4 | |a TRANSCULTURACION | |
| 650 | 4 | |a MESTIZAJE | |
| 650 | 4 | |a ESTUDIO AFROAMERICANO | |
| 650 | 4 | |a FUNCIONALISMO | |
| 650 | 4 | |a CONTRAPUNTEO | |
| 650 | 4 | |a CODIGO PENAL | |
| 650 | 4 | |a ENTRE CUBANOS | |
| 650 | 4 | |a MUSICA FOLKLORICA CUBANA | |
| 773 | 0 | |x 008-7157 |d Cuba : Editorial Casa de las Américas |t Casa de las Américas |g número 55 (1969), páginas 4-13 | |
| 942 | |c ARC | ||
| 999 | |c 9867 |d 9867 | ||
